[Event "Imperia op-A 36th"]
[Site "Imperia"]
[Date "1994.09.03"]
[Round "1.10"]
[White "Plesek, Jiri"]
[Black "Moran, Augusto"]
[Result "0-1"]
[WhiteElo "2340"]
[BlackElo "2415"]
[PlyCount "62"]
[EventDate "1994.09.03"]
[EventType "swiss"]
[EventRounds "9"]
[EventCountry "ITA"]
[SourceTitle "EXT 2024"]
[Source "ChessBase"]
[SourceDate "2023.10.10"]
[SourceVersion "1"]
[SourceVersionDate "2023.10.10"]
[SourceQuality "1"]

1. d4 e6 2. Nf3 f5 3. Bg5 Nf6 4. e3 Be7 5. Bd3 0-0 6. Nbd2 Nc6 7. c3 d5 8. Qe2 Bd7 9. 0-0-0 Ne4 10. h4 a5 11. Bxe7 Qxe7 12. Bxe4 fxe4 13. Ng5 h6 14. Nh3 e5 15. h5 a4 16. a3 Rf7 17. Rdg1 Raf8 18. g4 Na5 19. dxe5 Qxe5 20. Nf4 Rxf4 21. exf4 Qxf4 22. Rg2 Nb3+ 23. Kc2 d4 24. Qc4+ Kh8 25. Nxb3 axb3+ 26. Kb1 d3 27. Rhg1 Qg5 28. Qxe4 Bc6 29. Qxd3 Rd8 30. Qg3 Be4+ 31. Ka1 Qd2 0-1